El diario de campo / (Record no. 192197)

MARC details
000 -CABECERA
campo de control de longitud fija 00761nam a2200229 u 4500
005 - FECHA Y HORA DE LA ÚLTIMA TRANSACCIÓN
campo de control 20231128063838.0
008 - ELEMENTOS DE LONGITUD FIJA--INFORMACIÓN GENERAL
campo de control de longitud fija 170901s2006 mx r 000 0 spa d
020 ## - NÚMERO INTERNACIONAL NORMALIZADO PARA LIBROS
Número Internacional Estándar del Libro 9707400846
035 ## - NÚMERO DE CONTROL DEL SISTEMA
Número de control de sistema UPN01000220098
049 ## - COLECCIÓN
Colección F
050 #4 - SIGNATURA TOPOGRÁFICA DE LA BIBLIOTECA DEL CONGRESO
Número de clasificación F1219.3 E3
Número de documento/Ítem D5.2 2006
245 03 - MENCIÓN DE TÍTULO
Título El diario de campo /
Mención de responsabilidad, etc. Martha Fabiola Torres ... [et al.].
250 ## - MENCIÓN DE EDICIÓN
Mención de edición 4a ed.
260 ## - PUBLICACIÓN, DISTRIBUCIÓN, ETC.
Lugar de publicación, distribución, etc. México :
Nombre del editor, distribuidor, etc. CONAFE, Dirección de Educación Comunitaria,
Fecha de publicación, distribución, etc. 2006.
300 ## - DESCRIPCIÓN FÍSICA
Extensión 45 p. :
Otras características físicas il.
440 #0 - MENCIÓN DE SERIE/ASIENTO SECUNDARIO--TÍTULO
Título Guías de apoyo a la formación docente en MAEPI ;
Designación de volumen o secuencia 1
650 #4 - ASIENTO SECUNDARIO DE MATERIA - TERMINO TEMATICO
Término de materia o nombre geográfico como elemento de entrada Indígenas de México
Subdivisión general Educación
9 (RLIN) 10
610 24 - ASIENTO SECUNDARIO DE MATERIA - NOMBRE CORPORATIVO
Nombre de entidad corporativa o nombre de jurisdicción como elemento de entrada PROYECTO DE ATENCION EDUCATIVA A POBLACION INDIGENA
9 (RLIN) 23492
700 1# - ASIENTO SECUNDARIO--NOMBRE DE PERSONAL
Nombre de persona Torres, Martha Fabiola,
Término indicativo de función/relación coaut.
9 (RLIN) 41614
905 ## - TIPO DE MATERIAL
Tipo de material Libro
Holdings
Estado de retiro Estado de pérdida Fuente del sistema de clasificación o colocación Estado dañado No para préstamo Código de colección Localización permanente Ubicación/localización actual Ubicación en estantería Fecha de adquisición Clasificación Código de barras Fecha visto por última vez Número de copia Tipo de ítem Koha
    Library of Congress Classification   Disponible (Préstamo en sala) Folletería Bib. Gregorio Torres Quintero Bib. Gregorio Torres Quintero Colecciones especiales Planta alta 03/05/2023 F1219.3 E3 D5.2 2006 318969 31/12/2020 1 Folleto